| 000 | 01115nac a22003017a 4500 | ||
|---|---|---|---|
| 001 | BR8100081 | ||
| 003 | BR-BrBNA | ||
| 005 | 20240105114856.0 | ||
| 008 | 230509b bl.|||m| |||| 00| 0 por d | ||
| 040 |
_aBR-BrBNA _bpor _cBiblioteca Nacional de Agricultura |
||
| 072 | _aF00 | ||
| 090 | _a1126 BR8100081 | ||
| 100 | 1 | _aGadelha, R.S. de S. | |
| 100 | 1 | _aVasconcellos, H. de O. | |
| 110 | 1 | _aEmpresa de Pesquisa Agropecuaria do Estado do Rio de Janeiro, Niteroi (Brasil) | |
| 245 | 1 | _aMudas de abacaxi do tipo filhote plantadas em diferentes posicoes [Ananas comosus; Pratica cultural] | |
| 246 | 1 | _a[Pineapple seedling of the "filhote" type cropped in different positions [Ananas comosus; Cultural practice]] | |
| 260 | 3 |
_aNiteroi, RJ (Brasil): _cApr 1980. |
|
| 300 | _a2 p. | ||
| 490 |
_aComunicado Tecnico - Empresa de Pesquisa Agropecuaria do Estado do Rio de Janeiro (Brazil) _vno. 47 _x |
||
| 650 | _aProducao vegetal | ||
| 650 | _aAbacaxi | ||
| 650 | _aMuda | ||
| 650 | _aPratica cultural | ||
| 650 | _aPlantio | ||
| 909 |
_a202312 _bLúcia Elande _c55 _dLúcia Elande |
||
| 942 |
_2AGRIS _n0 _cMS |
||
| 999 |
_c271801 _d271801 |
||